<?xml version="1.0" encoding="UTF-8"?>
<record
    xmlns:xsi="http://www.w3.org/2001/XMLSchema-instance"
    xsi:schemaLocation="http://www.loc.gov/MARC21/slim http://www.loc.gov/standards/marcxml/schema/MARC21slim.xsd"
    xmlns="http://www.loc.gov/MARC21/slim">

  <leader>00418nam a2200145Ia 4500</leader>
  <controlfield tag="008">230519s9999    xx            000 0 und d</controlfield>
  <datafield tag="020" ind1=" " ind2=" ">
    <subfield code="a">978-93-92242-03-8</subfield>
  </datafield>
  <datafield tag="041" ind1=" " ind2=" ">
    <subfield code="a">eng</subfield>
  </datafield>
  <datafield tag="082" ind1=" " ind2=" ">
    <subfield code="a">M/616.01/GUP/DB0960</subfield>
  </datafield>
  <datafield tag="100" ind1=" " ind2=" ">
    <subfield code="a">Gupta Pooja</subfield>
    <subfield code="9">180568</subfield>
  </datafield>
  <datafield tag="245" ind1=" " ind2=" ">
    <subfield code="a">Textbook of Microbiology for GNM Nursing Students</subfield>
  </datafield>
  <datafield tag="260" ind1=" " ind2=" ">
    <subfield code="b">Vision Health Sciences Publishers</subfield>
    <subfield code="a">Panjab</subfield>
    <subfield code="c">2021</subfield>
  </datafield>
  <datafield tag="300" ind1=" " ind2=" ">
    <subfield code="a">124p</subfield>
  </datafield>
  <datafield tag="999" ind1=" " ind2=" ">
    <subfield code="c">159544</subfield>
    <subfield code="d">159544</subfield>
  </datafield>
  <datafield tag="952" ind1=" " ind2=" ">
    <subfield code="0">0</subfield>
    <subfield code="1">0</subfield>
    <subfield code="4">0</subfield>
    <subfield code="7">0</subfield>
    <subfield code="8">M</subfield>
    <subfield code="a">BTIN</subfield>
    <subfield code="b">BTIN</subfield>
    <subfield code="d">2022-04-16</subfield>
    <subfield code="g">225.00</subfield>
    <subfield code="i">55</subfield>
    <subfield code="l">6</subfield>
    <subfield code="o">M 616.01 GUP DB0960</subfield>
    <subfield code="p">BTIN-DB-960</subfield>
    <subfield code="r">2025-06-19 00:00:00</subfield>
    <subfield code="s">2025-06-13</subfield>
    <subfield code="w">2022-04-16</subfield>
    <subfield code="y">DB</subfield>
    <subfield code="z">DB0960</subfield>
  </datafield>
  <datafield tag="952" ind1=" " ind2=" ">
    <subfield code="0">0</subfield>
    <subfield code="1">0</subfield>
    <subfield code="4">0</subfield>
    <subfield code="7">0</subfield>
    <subfield code="8">M</subfield>
    <subfield code="a">BTIN</subfield>
    <subfield code="b">BTIN</subfield>
    <subfield code="d">2022-11-30</subfield>
    <subfield code="g">225.00</subfield>
    <subfield code="i">55</subfield>
    <subfield code="l">7</subfield>
    <subfield code="m">2</subfield>
    <subfield code="o">M 616.01 GUP DB1060</subfield>
    <subfield code="p">BTIN-DB-1060</subfield>
    <subfield code="r">2026-02-03 13:59:55</subfield>
    <subfield code="s">2026-02-03</subfield>
    <subfield code="w">2022-04-16</subfield>
    <subfield code="y">DB</subfield>
    <subfield code="z">DB1060</subfield>
  </datafield>
  <datafield tag="952" ind1=" " ind2=" ">
    <subfield code="0">0</subfield>
    <subfield code="1">0</subfield>
    <subfield code="2">ddc</subfield>
    <subfield code="4">0</subfield>
    <subfield code="7">0</subfield>
    <subfield code="a">BTIN</subfield>
    <subfield code="b">BTIN</subfield>
    <subfield code="d">2024-08-08</subfield>
    <subfield code="g">295.00</subfield>
    <subfield code="i">IK#2024-25#129</subfield>
    <subfield code="l">5</subfield>
    <subfield code="m">3</subfield>
    <subfield code="o">M 616.01 GUP DB1276</subfield>
    <subfield code="p">BTIN-DB-1276</subfield>
    <subfield code="q">2026-02-24</subfield>
    <subfield code="r">2025-08-28 00:00:00</subfield>
    <subfield code="s">2025-08-28</subfield>
    <subfield code="w">2024-08-07</subfield>
    <subfield code="y">DB</subfield>
    <subfield code="z">DB1276</subfield>
  </datafield>
  <datafield tag="952" ind1=" " ind2=" ">
    <subfield code="0">0</subfield>
    <subfield code="1">0</subfield>
    <subfield code="2">ddc</subfield>
    <subfield code="4">0</subfield>
    <subfield code="7">0</subfield>
    <subfield code="a">BTIN</subfield>
    <subfield code="b">BTIN</subfield>
    <subfield code="d">2025-08-22</subfield>
    <subfield code="g">325.00</subfield>
    <subfield code="i">IK#2025-26#666</subfield>
    <subfield code="l">5</subfield>
    <subfield code="o">M 616.01 GUP DB1385</subfield>
    <subfield code="p">BTIN-DB-1385</subfield>
    <subfield code="r">2026-02-05 14:21:28</subfield>
    <subfield code="s">2026-02-04</subfield>
    <subfield code="w">2025-08-22</subfield>
    <subfield code="y">DB</subfield>
    <subfield code="z">DB1385</subfield>
  </datafield>
</record>
